000
00318nam a2200121Ia 4500
008
220204s9999 xx 000 0 und d
082
_a
301.16(035)
_b
HAN.1-2
100
_a
Marcia, Guttentag
245
0
_a
Handbook of evaluation research. 2 V
260
_a
London
_b
Sage
_c
1975
700
_a
Struening, E L
942
_c
BK
999
_c
31767
_d
31767